|
|
|
|
| LEADER |
00987nab a2200241 i 4500 |
| 001 |
misc64866 |
| 005 |
20230504090135.0 |
| 008 |
230210s1963 hu o 0|| ger d |
| 040 |
|
|
|a SZTE Miscellanea Repozitórium
|b hun
|
| 041 |
|
|
|a ger
|
| 041 |
|
|
|a tur
|
| 100 |
1 |
|
|a Stachowski Stanisław
|
| 245 |
1 |
4 |
|a Die osmanisch-türkischen Lehnwörter im Serbokroatischen und ihre Bedeutung für die historische Phonetik des Osmanisch-türkischen
|h [elektronikus dokumentum] /
|c Stachowski Stanisław
|
| 260 |
|
|
|a Polska Akademi Nauk, Oddział w Krakowie, Komisja orientalistyczna
|b Kraków
|c 1963
|
| 300 |
|
|
|a 143-170
|c 21 cm
|
| 300 |
|
|
|a [28] p.
|c 21 cm
|
| 490 |
0 |
|
|a Folia Orientalia
|
| 561 |
|
|
|a Németh Gyula hagyaték
|
| 591 |
|
|
|a NOA 5764
|
| 650 |
|
4 |
|a Bölcsészettudományok
|
| 650 |
|
4 |
|a Nyelvek és irodalom
|
| 695 |
|
|
|a Szerbhorvát nyelv - török jövevényszavak, Török nyelvtörténet - hangtan
|
| 856 |
4 |
0 |
|u http://misc.bibl.u-szeged.hu/64866/1/5764_noa.pdf
|z Dokumentum-elérés
|